| 000 | 00508cam a2200205ua 4500 | ||
|---|---|---|---|
| 001 | 10157 | ||
| 005 | 20260515114556.0 | ||
| 008 | 170817n ii |||gr||||Z||||||asm | ||
| 040 | _cMAIN | ||
| 041 | _aasm | ||
| 082 | _a920 | ||
| 100 |
_aSharma, Mukul Kumar, _eAuthor. |
||
| 245 |
_aMahatma Gandhi _cBy Mukul Kumar Sharma |
||
| 250 | _a2nd ed. | ||
| 260 |
_aJorhat: _bUnika prakashan, _c2010. |
||
| 300 | _a47p. | ||
| 653 | _aBiography, genealogy & insignia | ||
| 653 | _aAssamese biography | ||
| 942 | _cBK | ||
| 999 |
_c9146 _d9146 |
||